LEADER 01422nam a2200301 a 4500 001 000000175407 003 CaOOAMICUS 005 20220830130147.0 008 220830s2022 it 111 0 ita r 020 $a978-88-93359-41-2* 032 $aLibriCat 040 $aPUL$bita 082 04$a347.45014 245 03$aLa riforma della legislazione sul Consiglio superiore della magistratura : $bscritti per il quarantennale dell'associazione / $ca cura di Renato Balduzzi. 260 $aMilano :$bEDUCatt,$c2022. 300 $a195 p. ;$c23 cm 500 $aIn testa al frontespizio: Associazione Vittorio Bachelet. 504 $aInclude riferimenti bibliografici ed indice 610 14$aItalia.$bConsiglio superiore della Magistratura.$0(OLS)http://pul/subject/21735 700 1 $aBalduzzi, Renato.$0(OLS)http://pul/name/86395 850 $aPUL 852 $aPUL$W1$xSL Diritto e Scienze Sociali 3$y79$m347 BALRE 1$j199611$qDDC 21$B204331$CPULBib$Z2$F204331 $H135790 $82 941 1 $a9 996 $6020$a978-88-93359-41-2* $9(OLS)http://pul/number/168801 996 $6082$a347.45014$9(OLS)http://pul/classification/2039 996 $6245$aLa riforma della legislazione sul Consiglio superiore della magistratura : $bscritti per il quarantennale dell'associazione / $9(OLS)http://pul/title/216842 996 $6260$aMilano :$bEDUCatt$9(OLS)http://pul/publisher/82824 LEADER 01383namaa2200325 i 4500 001 000000177625 003 CaOOAMICUS 005 20250328161703.0 008 250326s2024 it a m u000 u ita r 032 $aLibriCat 040 $aPUL$bita 082 04$a346.45 100 1 $aLionello, Laura,$d1990-,$eautore dissertazione.$0(OLS)http://pul/name/114269 245 13$aLa cessione di quota di S.R.L. /$cLaura Lionello. 264 20$aRomae :$b[s.n.],$c2024. 300 $a89 pagine ;$b$c24 cm 336 $atxt$2rdacontent 337 $asenza mediazione$bn$2rdamedia 338 $avolume$anc 502 $aEstratto della Tesi di Dottorato, Pontificia Universitas Lateranensis. Facoltà di Diritto Civile, 2024. 504 $aBibliografia : pagine [69]-89. 650 4$aSocietà a responsabilità limitata$xDiritto.$0(OLS)http://pul/subject/35289 710 2 $aPontificia Università Lateranense.$bFacoltà di diritto civile$kTesi.$0(OLS)http://pul/name/81778 850 $aPUL 852 $aPUL$W1$xDP1 Tesi Pon Univ. Lateranense$y41$m2024 D 3$j201248$qTesi$B206600$CPULBib$Z2$F206600 $Hnull $82 941 1 $a16 996 $6082$a346.45$9(OLS)http://pul/classification/372 996 $6245$aLa cessione di quota di S.R.L.$9(OLS)http://pul/title/219168 996 $6264$aRomae :$b[s.n.]$9(OLS)http://pul/publisher/48223